Normal view
MARC view
- Hilal-Dandan, Randa
Entry Personal Name
001 - CONTROL NUMBER
- control field: 40019
003 - CONTROL NUMBER IDENTIFIER
- control field: OSt
005 - DATE AND TIME OF LATEST TRANSACTION
- control field: 20160518113038.0
008 - FIXED-LENGTH DATA ELEMENTS
- fixed length control field: 160518|| aca||aabn | a|a d
040 ## - CATALOGING SOURCE
- Original cataloging agency: OSt
100 1# - HEADING--PERSONAL NAME
- Personal name: Hilal-Dandan, Randa
400 1# - SEE FROM TRACING--PERSONAL NAME
- Personal name: Dandan, Randa Hilal-